Mathematics dictionary / (Record no. 61165)
[ view plain ]
| 000 -LEADER | |
|---|---|
| fixed length control field | 01154cam a2200301 i 4500 |
| 001 - CONTROL NUMBER | |
| control field | 4123558 |
| 003 - CONTROL NUMBER IDENTIFIER | |
| control field | NUST-PNEC |
| 005 - DATE AND TIME OF LATEST TRANSACTION | |
| control field | 20170116180716.0 |
| 008 - FIXED-LENGTH DATA ELEMENTS--GENERAL INFORMATION | |
| fixed length control field | 760113s1976 nyua d 000 0 eng |
| 010 ## - LIBRARY OF CONGRESS CONTROL NUMBER | |
| LC control number | 76000233 |
| 020 ## - INTERNATIONAL STANDARD BOOK NUMBER | |
| International Standard Book Number | 0442240910 |
| 040 ## - CATALOGING SOURCE | |
| Original cataloging agency | D |
| Transcribing agency | PNEC |
| 041 1# - LANGUAGE CODE | |
| Language code of text/sound track or separate title | engmul |
| 050 00 - LIBRARY OF CONGRESS CALL NUMBER | |
| Classification number | QA5 |
| Item number | .J32 1976 |
| 082 00 - DEWEY DECIMAL CLASSIFICATION NUMBER | |
| Classification number | 510.3 JAM |
| 100 1# - MAIN ENTRY--PERSONAL NAME | |
| Personal name | James, Glenn, |
| Dates associated with a name | 1882- |
| Relator term | ed. |
| 245 10 - TITLE STATEMENT | |
| Title | Mathematics dictionary / |
| Statement of responsibility, etc. | James [and] James ; contributors, Armen A. Alchian ... [et al.] ; translators, J. George Adashko ... [et al.]. |
| 250 ## - EDITION STATEMENT | |
| Edition statement | 4th ed. |
| 260 ## - PUBLICATION, DISTRIBUTION, ETC. | |
| Place of publication, distribution, etc. | New York : |
| Name of publisher, distributor, etc. | Van Nostrand Reinhold Co., |
| Date of publication, distribution, etc. | c1976. |
| 300 ## - PHYSICAL DESCRIPTION | |
| Extent | vii, 509 p. : |
| Other physical details | ill. ; |
| Dimensions | 24 cm. |
| 500 ## - GENERAL NOTE | |
| General note | Index in French, German, Russian, and Spanish. http://www.amazon.com/Mathematics-dictionary-Glenn-James/dp/0442240910/ref=sr_1_1?ie=UTF8&qid=1413790734&sr=8-1&keywords=0442240910 |
| 650 #0 - SUBJECT ADDED ENTRY--TOPICAL TERM | |
| Topical term or geographic name entry element | Mathematics |
| General subdivision | Dictionaries |
| -- | Polyglot. |
| 650 #0 - SUBJECT ADDED ENTRY--TOPICAL TERM | |
| Topical term or geographic name entry element | Dictionaries, Polyglot. |
| General subdivision | EE, EL |
| 700 1# - ADDED ENTRY--PERSONAL NAME | |
| Personal name | James, Robert C. |
| Fuller form of name | (Robert Clarke), |
| Relator term | joint author. |
| 700 1# - ADDED ENTRY--PERSONAL NAME | |
| Personal name | Alchian, Armen Albert, |
| Dates associated with a name | 1914- |
| 906 ## - LOCAL DATA ELEMENT F, LDF (RLIN) | |
| a | 7 |
| b | cbc |
| c | orignew |
| d | 1 |
| e | ocip |
| f | 19 |
| g | y-gencatlg |
| 942 ## - ADDED ENTRY ELEMENTS (KOHA) | |
| Source of classification or shelving scheme | |
| Koha item type | Book |
| Withdrawn status | Lost status | Source of classification or shelving scheme | Damaged status | Not for loan | Permanent Location | Current Location | Shelving location | Date acquired | Source of acquisition | Cost, normal purchase price | Total Checkouts | Full call number | Barcode | Date last seen | Cost, replacement price | Price effective from | Koha item type |
|---|---|---|---|---|---|---|---|---|---|---|---|---|---|---|---|---|---|
| Pakistan Navy Engineering College (PNEC) | Pakistan Navy Engineering College (PNEC) | Reference | Progressive International Agency | 0.00 | 510.3 JAM | PNECLIB-012204 | 10/20/2014 | 0.00 | 10/20/2014 | Book |
